000 00332pam a2200157a 44500
008 230515b1901 xxu||||| |||| 00| 0 eng d
020 _aNULL
041 _aENGLISH
082 _aN.D.
100 _aNULL
245 _aE/ T Syllabus Sem I To VIII
250 _a0
260 _aNULL
_bXerox
_c1901
300 _a1
650 _aNULL
999 _c574381
_d574381